000 00295nam a22001337a 4500
008 171113b xxu||||| |||| 00| 0 eng d
020 _a9780071106887
041 _aeng
080 _26 ED
_a338
100 _a63
101 _aMEN
245 _aRELATILING MANAGEMENT
_cLEVY.W
942 _2udc
_cBK
999 _c38256
_d38256